Beiträge zur frage der Konzentrations-depolarisation
Elmentve itt :
| Szerző: | |
|---|---|
| Dokumentumtípus: | Cikk |
| Megjelent: |
1955
|
| Sorozat: | Acta physica et chemica
1 No. 1-4 |
| Kulcsszavak: | Fizika |
| Online Access: | http://acta.bibl.u-szeged.hu/23444 |
| LEADER | 00612nab a2200181 i 4500 | ||
|---|---|---|---|
| 001 | acta23444 | ||
| 005 | 20210602130856.0 | ||
| 008 | 161017s1955 hu o 0|| ger d | ||
| 022 | |a 0001-6721 | ||
| 040 | |a SZTE Egyetemi Kiadványok Repozitórium |b hun | ||
| 041 | |a ger | ||
| 100 | 1 | |a Ketskeméty István | |
| 245 | 1 | 0 | |a Beiträge zur frage der Konzentrations-depolarisation |h [elektronikus dokumentum] / |c Ketskeméty István |
| 260 | |c 1955 | ||
| 300 | |a 29-33 | ||
| 490 | 0 | |a Acta physica et chemica |v 1 No. 1-4 | |
| 695 | |a Fizika | ||
| 856 | 4 | 0 | |u http://acta.bibl.u-szeged.hu/23444/1/phys_chem_001_029-033.pdf |z Dokumentum-elérés |